00209nam a2200085Ia 4500008004100000100001600041245003600057260002100093260000900114170620s9999 xx 000 0 und d aMishra- R.C 0aAdvanced Educational Psychology bNew Delhi- A.P.H c2010